[Event "2nd Irena Warakomska Memorial-A"]
[Site "Suwalki"]
[Date "2018.08.05"]
[Round "6"]
[White "Omelja, Artem"]
[Black "Kyc, Jerzy"]
[Result "1/2-1/2"]
[WhiteElo "2445"]
[BlackElo "2283"]
[Annotator "TA"]
[PlyCount "65"]
[EventDate "2018.08.01"]
[EventType "swiss"]
[EventCountry "POL"]
[SourceTitle "playchess.com"]
[Source "ChessBase"]
[SourceQuality "1"]

{[%evp 22,65,18,24,41,44,32,45,51,36,46,29,47,50,46,0,16,0,50,27,44,0,0,-22,-12,-11,0,0,0,-9,-10,-10,-10,-10,-11,-19,-10,-10,-15,-16,-13,-10,0,0,0,0]} 1. Nf3 Nf6 2. c4 g6 3. Nc3 c5 4. e4 d6 5. d4 cxd4 6. Nxd4 Bg7 7. Be2 O-O 8. O-O Nc6 9. Nc2 Nd7 10. Bd2 a5 11. Qc1 {B37: Sicilian: Maroczy Bind with 5...Bg7, sidelines} (11. Re1 Nc5 12. Bf1 Nb4 13. Bg5 Bxc3 14. bxc3 Nxc2 15. Qxc2 f6 16. Bh6 Re8 17. h4 Be6 18. Rad1 Qc7 19. f4 Kh8 {½-½ (19) Duda,J (2724)-Hamdouchi,H (2580) Brest 2018}) 11... Nc5 12. Bh6 {LiveBook: 20 Games} f5 13. Bxg7 {White is slightly better.} Kxg7 14. exf5 Bxf5 15. Ne3 Nd4 16. Qd2 e5 17. Rad1 Rc8 $146 ({Predecessor:} 17... Bd7 18. Nc2 Nce6 19. Nxd4 Nxd4 {0-1 (69) Arkhipov,S (2475)-Panchenko,A (2375) Gyor 1990}) 18. Ned5 Bc2 19. Rc1 Nxe2+ (19... Ne4 $5 {[%cal Re4d2]} 20. Qe3 (20. Nxe4 Bxe4 21. Nc3 Rf4 $11) 20... Nf5 $11) 20. Nxe2 Bd3 21. Qe3 Qh4 {The position is equal.} 22. b3 Qe4 {[#] Hoping for ...Qxe3.} 23. Rfe1 Qxe3 24. Nxe3 b5 25. Rcd1 bxc4 26. bxc4 Rb8 27. f3 Rb2 28. Nc1 e4 29. fxe4 Bxe4 30. Re2 Rxe2 31. Nxe2 Bd3 32. Nc1 Re8 33. Nxd3 {Precision: White = 61%, Black = 76%.} 1/2-1/2

[Event "2nd Irena Warakomska Memorial-A"]
[Site "Suwalki"]
[Date "2018.08.05"]
[Round "6"]
[White "Matviishen, Viktor"]
[Black "Czarnota, Pawel"]
[Result "1-0"]
[WhiteElo "2423"]
[BlackElo "2548"]
[Annotator "TA"]
[PlyCount "137"]
[EventDate "2018.08.01"]
[EventType "swiss"]
[EventCountry "POL"]
[SourceTitle "playchess.com"]
[Source "ChessBase"]
[SourceQuality "1"]

{[%evp 23,137,51,59,47,74,56,75,22,53,27,31,29,31,28,33,7,9,5,27,30,43,27,39,0,23,5,29,29,29,29,40,39,45,58,146,126,120,144,152,166,161,160,258,110,131,8,10,14,123,14,14,8,9,0,0,0,12,14,20,19,23,25,33,23,34,34,91,89,160,137,117,0,0,0,0,0,0,0,0,0,0,0,0,0,0,0,0,0,0,0,0,0,0,0,8,8,11,0,764,570,5057,5033,3148,2504,1830,1532,29975,29976,29976,29976,29976,29977,29976,29976,29979,11597]} 1. d4 Nf6 2. c4 g6 3. Nc3 Bg7 4. e4 d6 5. Nf3 O-O 6. Be2 Nbd7 7. O-O e5 8. Be3 Qe7 9. d5 Ng4 {E94: King's Indian: Classical: 6 Be2 e5 7 0-0: Various Black 7th moves} (9... c5 10. dxc6 bxc6 11. b4 Bb7 12. Qd2 Rfd8 13. Rfd1 Nf8 14. a4 Ne6 15. h3 d5 16. cxd5 cxd5 17. exd5 Nxd5 18. Nxd5 Rxd5 19. Qa2 e4 20. Rxd5 Bxa1 21. Qxa1 Bxd5 22. Qe5 exf3 23. Qxd5 fxe2 {0-1 (23) Al Sayed,M (2508)-Fressinet,L (2672) Doha 2016}) 10. Bg5 f6 11. Bh4 Nh6 12. Nd2 Nf7 {LiveBook: 3 Games} 13. a3 $146 ({Predecessor:} 13. b4 h5 14. h3 Bh6 15. Nb3 b6 16. Qc2 a6 17. a4 {½-½ (56) Brown,M (2506)-Kavutskiy,K (2369) Las Vegas 2017}) 13... h5 14. h3 Bh6 15. Bg3 (15. b4 $16) 15... Nc5 16. Nb3 a5 17. Nxc5 dxc5 18. Bd3 Bd7 19. Bc2 Nd6 20. Qe2 a4 21. Bd3 Kg7 22. Rae1 b6 23. Bc2 Bg5 24. Qd3 Be8 25. Bh2 Bh6 26. Kh1 Ra5 27. f3 Rh8 28. f4 Bxf4 (28... Bd7 $14) 29. Rxf4 $16 ({Don't do} 29. Bxf4 exf4 30. e5 (30. Rxf4 Qe5 $11) 30... fxe5 $14) 29... exf4 30. e5 $1 fxe5 {[#]} 31. Bxf4 $1 {[%mdl 512]} Rf8 (31... exf4 32. Rxe7+) 32. Bxe5+ Kh7 (32... Kg8 $16 {keeps fighting.}) 33. Bg3 (33. Qg3 $1 $18 {is the precise move to win.}) 33... Qf6 34. Re6 (34. Ne4 $16 Nxe4 35. Qxe4) 34... Qf1+ $11 35. Qxf1 Rxf1+ 36. Kh2 Ra8 $1 37. Bd3 Rf8 38. Bxd6 cxd6 39. Ne4 Rb8 40. Nxd6 Kg7 41. h4 $36 {[%mdl 2048] White is more active.} Bf7 42. Nxf7 Rxf7 43. Rxg6+ {[%mdl 4096] Endgame KRR-KRB} Kf8 44. Rh6 Ke7 (44... Kg8 $14) 45. Rxh5 $16 Rf2 (45... b5 $142) 46. Re5+ $1 Kf7 47. Be2 ({Better is} 47. Re2 $16 Rf4 48. Kh3) 47... Rg8 $1 $11 {[%cal Rg8g2]} 48. Bh5+ Kf6 49. Re6+ Kf5 50. Bf3 ({Don't blunder} 50. Rxb6 $2 Rfxg2+ 51. Kh1 Rc2 $19) 50... Rxb2 51. h5 {[%cal Bh4h5,Bh5h6,Bh6h7][%mdl 32]} Rb3 52. Be4+ Kf4 $1 53. h6 {Strongly threatening h7.} Rxa3 54. h7 Rh8 $1 {White must now prevent ...Re3.} 55. Bg6 {And now Re8 would win.} Re3 $1 {[%cal Re3e6] ...Rxe6 is the strong threat.} 56. Rxb6 a3 {Hoping for ...a2.} 57. Ra6 Rc3 58. d6 {[%cal Bd5d6,Bd6d7][%mdl 32]} Rxc4 59. Rxa3 Rd4 60. Rd3 Ke5 $2 {[%mdl 8192]} (60... Rxd3 $11 61. Bxd3 c4) 61. d7 Kf6 {[#]} 62. Rxd4 $1 cxd4 $18 {KR-KB} 63. Bd3 Rd8 64. Kg3 Kg7 65. Bf5 {White mates.} d3 66. Kf3 d2 67. Ke2 Kf6 {[#]} 68. g4 $1 Kg7 69. Kxd2 {Precision: White = 66%, Black = 39%.} 1-0

[Event "2nd Irena Warakomska Memorial-A"]
[Site "Suwalki"]
[Date "2018.08.05"]
[Round "6"]
[White "Lewtak, Damian"]
[Black "Vetoshko, Volodymyr"]
[Result "1/2-1/2"]
[WhiteElo "2369"]
[BlackElo "2525"]
[Annotator "TA"]
[PlyCount "78"]
[EventDate "2018.08.01"]
[EventType "swiss"]
[EventCountry "POL"]
[SourceTitle "playchess.com"]
[Source "ChessBase"]
[SourceQuality "1"]

{[%evp 14,77,11,0,14,8,-6,-20,-35,-39,-37,-35,-9,-7,-6,-14,0,0,0,0,0,0,0,-57,-51,-54,-62,-96,-73,-116,-17,-16,-16,-125,-110,-135,-138,-141,-135,-118,-139,-126,-99,-166,-161,-147,-152,-223,-144,-128,-133,-131,0,0,0,0,0,0,0,0,0,0,0,0,0,0]} 1. d4 Nf6 2. Bf4 d5 3. e3 c5 4. c3 Nc6 5. Nd2 cxd4 6. exd4 {D00: Damenbauernspiele} Bf5 7. Ngf3 e6 8. Bb5 {LiveBook: 6 Partien} (8. Qb3 Bd6 9. Bg3 Bxg3 10. hxg3 Qd6 11. Qxb7 Rb8 12. Qa6 O-O {0-1 (36) Caruana,F (2816)-Grischuk,A (2766) Paris 2018}) 8... a6 9. Bxc6+ bxc6 10. Ne5 $146 ({Vorgänger:} 10. O-O Nd7 11. b4 Be7 12. Ne5 Nxe5 13. Bxe5 O-O 14. Nb3 f6 {½-½ (32) Kennedy,C (1899)-Dunn,A (2144) London 2017}) 10... Nd7 11. Nxd7 Qxd7 12. Nf3 Qb7 13. Nh4 Be4 14. f3 Be7 15. fxe4 Bxh4+ 16. g3 Be7 17. exd5 cxd5 18. Qg4 (18. O-O $11) 18... Qxb2 $15 19. O-O {Droht stark Tab1.} Bf6 20. Rac1 Rc8 21. Bd6 Qd2 ({Günstiger ist} 21... Rxc3 $17 22. Rxc3 Qxc3) 22. Qf3 $11 h5 $36 {[%cal Bh7h5,Bh5h4,Bh4h3][%mdl 2080] Schwarz drückt.} 23. Be5 {[#]} (23. Bf4 $11 {hält das Gleichgewicht.} Qxa2 24. Bg5 $1 {[%mdl 512]}) 23... h4 $1 $17 24. g4 {[#]} h3 $1 25. Bf4 Qxa2 26. Rf2 Qa3 {Und weiter mit ...Lxd4! wäre nett.} 27. Bd2 Qe7 28. Kh1 (28. Rcf1 $17) 28... O-O $19 29. Qe3 e5 30. Re2 (30. dxe5 $17 Bxe5 31. Rf5) 30... Qb7 31. g5 exd4 32. cxd4 Rxc1+ ({Lieber} 32... Bd8 $17 {...Txc1+ ist eine echte Drohung.} 33. Rf1 Rb8 34. Qxh3 Qc6) 33. Bxc1 $11 {Die Stellung ist ausgeglichen.} Bd8 {zielt auf ...Dd7 ab.} 34. Ba3 $1 {[%cal Ra3f8]} Qb1+ 35. Re1 Bxg5 {Droht ...Df5 und aus.} 36. Rxb1 $4 {[%mdl 8192]} (36. Bxf8 Bxe3 37. Rxb1 Kxf8 38. Rb8+ Ke7 39. Re8+ Kxe8) 36... Bxe3 37. Bxf8 Kxf8 38. Rb8+ Ke7 39. Re8+ Kxe8 {Precision: Weiß = 65%, Schwarz = 61%.} 1/2-1/2

[Event "2nd Irena Warakomska Memorial-A"]
[Site "Suwalki"]
[Date "2018.08.05"]
[Round "6"]
[White "Teclaf, Pawel"]
[Black "Ovsejevitsch, Sergei"]
[Result "0-1"]
[WhiteElo "2362"]
[BlackElo "2597"]
[Annotator "TA"]
[PlyCount "102"]
[EventDate "2018.08.01"]
[EventType "swiss"]
[EventCountry "POL"]
[SourceTitle "playchess.com"]
[Source "ChessBase"]
[SourceQuality "1"]

{[%evp 20,102,13,17,11,10,10,4,13,11,7,3,11,5,1,0,0,0,0,0,0,0,0,-24,-17,-16,-22,-25,-9,-9,-8,-9,-9,-9,-12,-18,-21,-86,-73,-86,-87,-157,-156,-198,-198,-198,-202,-206,-189,-192,-192,-194,-194,-237,-227,-490,-490,-477,-476,-470,-470,-469,-464,-464,-464,-1183,-1103,-1795,-7597,-5108,-4780,-12675,-4738,-29970,-29971,-29975,-29976,-29975,-29977,-29980,-29981,-29982,-29983,-29983,-29982]} 1. e4 e5 2. Nf3 Nc6 3. Bb5 a6 4. Ba4 d6 5. c3 Bd7 6. O-O Nf6 7. Re1 g6 8. d4 Bg7 9. Bxc6 {C79: Ruy Lopez: Steinitz-type lines with 3...a6 4 Ba4 Nf6 5 0-0 d6} Bxc6 10. dxe5 Nxe4 11. exd6 {LiveBook: 7 Games. The position is equal.} Qxd6 (11... O-O 12. dxc7 Qxc7 13. Be3 Rad8 14. Nd4 Be5 15. h3 Bh2+ 16. Kh1 Bf4 {½-½ (60) Kasimdzhanov,R (2683)-Mamedyarov,S (2799) Riadh 2017}) 12. Qxd6 cxd6 13. Nfd2 O-O $1 {[#]} 14. Nxe4 $146 ({Predecessor:} 14. Rxe4 Bxe4 15. Nxe4 Rfe8 16. Nbd2 d5 {½-½ (27) Yagupov,I (2555)-Novikov,M (2545) Tula 2006}) 14... Rfe8 15. Be3 Rxe4 16. Nd2 Ra4 17. a3 Re8 18. Bb6 Rxe1+ 19. Rxe1 Rg4 20. f3 Rg5 21. Bc7 Re5 22. Rxe5 dxe5 $11 {[%mdl 4096] Endgame KBB-KBN} 23. Nc4 f6 24. Na5 Bd5 25. c4 Be6 26. Nxb7 Bxc4 27. Nc5 Bh6 28. b4 (28. Kf2 $11) 28... Be3+ $17 29. Kh1 Kf7 30. Bd8 ({White should try} 30. Bd6) 30... f5 31. Bc7 Bd4 32. Nd7 Ke6 33. Nf8+ Kd5 34. Nxh7 e4 35. fxe4+ fxe4 36. Nf8 g5 {[%mdl 1024] Black has strong compensation.} 37. Nd7 $2 {[#]} (37. Nh7) 37... e3 $19 38. Bg3 Bc3 39. Nb6+ Kd4 40. h4 gxh4 41. Bxh4 e2 42. Bf2+ (42. g4 $142 Bb5 43. g5) 42... Kd3 43. Nd7 e1=Q+ 44. Bxe1 Bxe1 45. Nc5+ Kc3 46. g4 Kb2 {Black mates.} 47. Kg2 Kxa3 48. Kf3 Kxb4 49. Nxa6+ Bxa6 50. Ke4 Kc5 51. Ke5 Bc3+ {Precision: White = 39%, Black = 95%.} 0-1

[Event "2nd Irena Warakomska Memorial-A"]
[Site "Suwalki"]
[Date "2018.08.05"]
[Round "6"]
[White "Kosakowski, Jakub"]
[Black "Shtembuliak, Evgeny"]
[Result "1-0"]
[WhiteElo "2361"]
[BlackElo "2518"]
[Annotator "TA"]
[PlyCount "119"]
[EventDate "2018.08.01"]
[EventType "swiss"]
[EventCountry "POL"]
[SourceTitle "playchess.com"]
[Source "ChessBase"]
[SourceQuality "1"]

{[%evp 15,119,-5,-10,-16,-17,-18,-12,-48,0,0,0,0,0,-195,-181,-184,-195,-196,-200,-230,-178,-229,-248,-258,-258,-251,-66,-88,-90,-87,-81,-62,-57,-65,0,-18,66,74,94,95,216,204,200,95,85,81,87,87,95,95,93,95,72,66,229,345,335,268,328,309,275,226,445,445,409,416,749,722,1050,927,1287,1180,1033,969,785,754,12844,12844,12845,12845,12845,12846,12846,12847,12847,12847,12848,12848,12849,12849,12850,29982,29985,29985,12851,29984,12851,29985,12851,29986,12851,29987,12851,29988,12851,29990]} 1. e4 g6 2. d4 Bg7 3. Nc3 a6 4. f4 d6 5. Nf3 Nd7 6. Bd3 {B06: Modern Defence} (6. Be3 b5 7. Bd3 b4 8. Ne2 c5 9. c3 bxc3 10. bxc3 Ngf6 11. O-O O-O 12. Rb1 Qa5 13. Kh1 Qc7 14. Ng3 {1-0 (55) Kravtsiv,M (2621)-Tkachiev,V (2658) Bastia 2015}) 6... c5 7. Be3 cxd4 8. Nxd4 Ngf6 {LiveBook: 4 Games} 9. Qf3 O-O 10. Nb3 Qc7 11. g4 $146 ({Predecessor:} 11. O-O b5 12. Rae1 Bb7 13. a3 Nb6 14. f5 Nc4 15. Bxc4 bxc4 16. Nd4 Rab8 17. Kh1 Ba8 18. Bc1 Nxe4 19. Nxe4 Bxd4 20. Bh6 Bg7 {0-1 (20) Guliev,L (2371)-Cyborowski,L (2509) Polanica Zdroj 2001}) 11... e6 12. O-O-O b5 $1 {[%cal Bb7b5,Bb5b4][%mdl 32]} 13. g5 Nh5 14. f5 $2 (14. Ne2 $1 $11) 14... b4 15. f6 bxc3 16. fxg7 cxb2+ 17. Kb1 Kxg7 18. Bd4+ (18. Qf2 {is a better defense.}) 18... e5 $1 $19 {[%cal Re5d4]} 19. Bxb2 a5 20. a4 Nb6 $2 (20... Ba6 $1 $19 {aiming for ...Nb6.} 21. Bxa6 Rxa6) 21. Bb5 $15 Ba6 {Strongly threatening ...Rfc8.} 22. Qc3 Qxc3 23. Bxc3 Bxb5 24. axb5 Nc4 {[#] Hoping for ...Rfb8.} 25. Rxd6 $1 {[%mdl 512]} Nxd6 ({Black should play} 25... Rfe8 $11 26. Rd5 a4) 26. Bxe5+ $14 f6 27. Bxd6 Rf7 (27... Rfd8 $16 28. Bc7 Re8) 28. Nc5 $18 {[%mdl 1024] White has strong compensation.} Rc8 29. b6 (29. Kc1 $18 {is more deadly.}) 29... Rc6 $16 30. b7 Rb6+ 31. Ka2 Rfxb7 32. Nxb7 Rxb7 {[%mdl 4096] Endgame KRB-KRN} 33. c4 {[%cal Bc2c4,Bc4c5,Bc5c6,Bc6c7][%mdl 32] Black must now prevent c5.} Kf7 34. c5 Ke6 $2 ({Black should try} 34... Rd7 $1 $14) 35. c6 $18 Rg7 36. Rd1 {c7 is the strong threat.} Rg8 37. h4 Rc8 38. c7 f5 $2 (38... fxg5 39. hxg5 Ng7) 39. exf5+ gxf5 40. Kb3 Ng7 (40... f4 $142 41. Ka4 f3 42. Kxa5 Ng7) 41. Bf4 Ke7 {[#]} 42. g6 $1 {[%cal Rg6h7][%mdl 512]} hxg6 {[#]} 43. Rd8 $1 {[%cal Rd8c8][%mdl 512]} Rxc7 (43... Rxd8 44. Bg5+) 44. Bxc7 Ne6 45. Rg8 Nxc7 {[#] KR-KN} 46. Rg7+ $1 Kd6 47. Rxg6+ Ne6 48. h5 {[%cal Bh4h5,Bh5h6][%mdl 32]} Ke7 49. h6 Nf8 50. Ra6 Kf7 51. Kc4 a4 52. Kd4 Ng6 53. Rxa4 Kg8 54. Ra7 Kh8 55. Rg7 (55. h7 $18 f4 56. Ke4 f3 57. Kxf3 Ne7 58. Ra8+ Kxh7 59. Ra7 Kg7 60. Rxe7+ Kf6 61. Re3) 55... Nf8 56. Ke5 f4 57. Rf7 (57. Kf5 $18 f3 58. Kg4) 57... Kg8 58. Kf6 Nh7+ 59. Kg6 Ng5 60. h7+ {Precision: White = 72%, Black = 49%.} 1-0

[Event "2nd Irena Warakomska Memorial-A"]
[Site "Suwalki"]
[Date "2018.08.05"]
[Round "6"]
[White "Punin, Andrii"]
[Black "Sadzikowski, Daniel"]
[Result "1/2-1/2"]
[WhiteElo "2339"]
[BlackElo "2575"]
[Annotator "TA"]
[PlyCount "74"]
[EventDate "2018.08.01"]
[EventType "swiss"]
[EventCountry "POL"]
[SourceTitle "playchess.com"]
[Source "ChessBase"]
[SourceQuality "1"]

{[%evp 33,74,21,21,21,18,13,18,6,13,0,4,0,0,0,0,0,8,0,0,0,0,0,0,0,18,9,12,20,10,4,8,4,24,25,23,9,12,12,22,1,1,1,8]} 1. e4 c6 2. d4 d5 3. Nd2 dxe4 4. Nxe4 Bf5 5. Ng3 Bg6 6. h4 h6 7. Nf3 Nd7 8. h5 Bh7 9. Bd3 Bxd3 10. Qxd3 e6 11. Bd2 Ngf6 12. O-O-O Be7 13. Ne4 Nxe4 14. Qxe4 Nf6 {B19: Classical Caro-Kann: 4...Bf5 main line} 15. Qd3 (15. Qe2 Qd5 16. c4 Qe4 17. Qxe4 Nxe4 18. Be3 f5 19. Kc2 Rd8 20. Nd2 Nf6 21. Nf3 Ne4 22. Nd2 Nf6 23. Nf3 Ne4 {½-½ (23) Mista,A (2606)-Tomczak,J (2615) Poland 2017}) 15... c5 16. Qb5+ Qd7 17. Qxd7+ Nxd7 {LiveBook: 13 Games} 18. Bc3 cxd4 19. Nxd4 $146 {Threatening Nb5.} ({Predecessor:} 19. Bxd4 Bf6 20. Bxf6 Nxf6 21. Ne5 Ke7 22. Rh3 {1-0 (41) Katz,A (2330)-Shmeliov,D (2398) ICC INT 2015}) 19... a6 20. Nb3 Rg8 21. g4 O-O-O 22. f3 Bg5+ 23. Kb1 Bf6 24. Bxf6 Nxf6 25. c4 Nd7 26. Rhe1 Nb6 27. Na5 Kc7 28. Kc2 Nc8 29. c5 b6 30. cxb6+ Nxb6 31. Rxd8 Rxd8 $11 {[%mdl 4096] Endgame KRN-KRN} 32. Re4 Rd5 33. b4 Rd6 34. Nc4 Nxc4 {The position is equal.} 35. Rxc4+ Kb6 36. Rf4 f6 37. a4 e5 {Precision: White = 43%, Black = 83%.} 1/2-1/2

[Event "2nd Irena Warakomska Memorial-A"]
[Site "Suwalki"]
[Date "2018.08.05"]
[Round "6"]
[White "Kowalski, Igor"]
[Black "Kanarek, Marcel"]
[Result "0-1"]
[WhiteElo "2323"]
[BlackElo "2518"]
[Annotator "TA"]
[PlyCount "72"]
[EventDate "2018.08.01"]
[EventType "swiss"]
[EventCountry "POL"]
[SourceTitle "playchess.com"]
[Source "ChessBase"]
[SourceQuality "1"]

{[%evp 33,71,35,30,25,24,42,67,62,68,31,80,-63,-57,-12,-15,-114,-132,-129,-114,-280,-281,-273,-260,-690,-650,-823,-766,-29990,-29991,-29991,-29992,-29994,-29995,-29995,-29996,-29996,-29997,-29997,-29993,-29999]} 1. d4 Nf6 2. c4 g6 3. Nc3 Bg7 4. e4 d6 5. f3 O-O 6. Nge2 c5 7. Be3 Nc6 8. d5 Ne5 9. Ng3 e6 10. Be2 exd5 11. cxd5 a6 12. a4 h5 13. O-O Nh7 14. Qd2 {A65: Modern Benoni: 6 e4} h4 15. Nh1 f5 16. exf5 gxf5 17. Nf2 Bd7 {LiveBook: 14 Games} 18. a5 Qf6 19. Nh3 Ng6 20. f4 Qf7 $146 ({Predecessor:} 20... Rfe8 21. Bf2 Bh6 {½-½ (39) Parligras,M (2635)-Akshat,K (2398) Fujairah 2012}) 21. Rae1 Bf6 22. Ng5 (22. Nd1 $16) 22... Bxg5 $1 $15 23. fxg5 f4 24. Qc2 (24. Qd1 $11 {remains equal.}) 24... Bf5 $17 25. Bd3 Nxg5 {aiming for ...Bxd3.} 26. Ne2 $2 {[#]} (26. Bxf5 $17 Qxf5 27. Qxf5 Rxf5 28. Re2) 26... Bxd3 $19 ({Stronger than} 26... fxe3 27. Bxf5 Kg7 28. Qc3+ Qf6 29. Qxe3 $14) 27. Qxd3 f3 ({Much less strong is} 27... Ne5 28. Qb1 $19) 28. gxf3 $2 (28. Qc2 Rae8 29. Nc3) 28... Ne5 {[%cal Bg6e5,Be5f3,Bf3e1][%mdl 32]} 29. Qb3 c4 30. Qa4 Nexf3+ {Black mates.} 31. Kh1 Qxd5 32. Nc3 Nxe1+ 33. Nxd5 Rxf1+ 34. Bg1 Ngf3 {[%csl Gf3][%cal Rf1g1]} 35. Ne7+ Kh7 {[%csl Gf3][%cal Rf1g1]} 36. Qxc4 Rxg1# {Precision: White =  9%, Black = 79%.} 0-1

[Event "2nd Irena Warakomska Memorial-A"]
[Site "Suwalki"]
[Date "2018.08.05"]
[Round "6"]
[White "Grebeniuk, Semen"]
[Black "Venkataraman, Karthik"]
[Result "0-1"]
[WhiteElo "2306"]
[BlackElo "2501"]
[Annotator "TA"]
[PlyCount "94"]
[EventDate "2018.08.01"]
[EventType "swiss"]
[EventCountry "POL"]
[SourceTitle "playchess.com"]
[Source "ChessBase"]
[SourceQuality "1"]

{[%evp 17,94,-4,35,0,0,0,0,0,0,0,0,0,0,0,0,0,0,0,0,0,0,0,0,0,69,52,318,57,47,59,48,-37,-47,-41,-50,-90,-95,-91,-44,-93,-92,-73,-83,-133,-133,-131,-109,-121,-127,-121,-112,-104,-75,-112,-125,-197,-193,-224,-220,-216,-222,-217,-215,-212,-208,-430,-431,-684,-677,-29990,-29991,-29991,-29992,-29994,-29995,-29995,-29996,-29996,-29997]} 1. d4 Nf6 2. Nf3 d5 3. Bf4 c5 4. e3 Nc6 {[%cal Bb8c6,Bc6e7,Be7g6][%mdl 32]} 5. c3 e6 6. Nbd2 Bd6 7. Bg3 O-O 8. Bb5 {D02: Damenbauernspiele} Ne7 (8... Be7 9. Bd3 b6 10. O-O Bb7 11. h3 Bd6 12. Bh4 Be7 13. Qb1 h6 14. a3 Nh5 15. Bxe7 Qxe7 {½-½ (64) Carlsen,M (2837)-Wang,H (2709) Riadh 2017}) 9. Bd3 Ng6 {LiveBook: 11 Partien} 10. e4 $146 {Weiß steht etwas besser.} ({Vorgänger:} 10. Bxg6 hxg6 11. Bxd6 Qxd6 12. Ne5 b5 13. Nb3 c4 14. Nc5 a5 15. h4 Ba6 {½-½ (31) Rambaldi,F (2542)-Apicella,M (2515) Chartres 2017}) 10... dxe4 11. Nxe4 Nxe4 12. Bxe4 f5 13. Bc2 f4 14. Bxg6 $1 fxg3 {[#]} 15. Bxh7+ $1 {[%mdl 512]} Kxh7 16. hxg3+ Kg8 17. Qd3 Qf6 {Droht stark ...cxd4.} 18. dxc5 Bc7 19. Qh7+ Kf7 20. O-O-O a5 (20... Qg6 $11) 21. Rh5 {[%mdl 1024] Weiss hat Kompensation.} Ke7 $2 {[%mdl 8192] [#]} (21... Ke8 $14) 22. Rg5 $2 (22. Nh4 $1 $18 {[%cal Rh4g6]} Rd8 23. Rxd8 Bxd8 24. f4) 22... Kf7 $14 23. Rh1 {Und weiter mit Txg7+! wäre nett.} Rg8 $1 24. Rgh5 (24. Qd3 $14) 24... Bd7 $1 $15 25. Ng5+ Ke7 {[%cal Bf7e7,Be7d6,Bd6c7][%mdl 32]} 26. Qc2 e5 27. Ne4 Qf7 28. Nd6 Bxd6 29. cxd6+ Kxd6 30. Rd1+ Kc7 31. Rxe5 Rge8 32. Qd3 Rxe5 33. Qd6+ Kc8 34. Qxe5 Ra6 35. Rh1 {zielt auf Th8+ ab.} Re6 $36 {[%mdl 2048] Weiss steht unter starkem Druck.} 36. Qxa5 (36. Qc5+ $17 {ist wohl besser.} Kb8 37. Rd1) 36... Qxf2 $19 37. Rh8+ Be8 {[%cal Re6e1]} 38. Qa8+ Kc7 {[%cal Re6e1]} 39. Qa5+ Kb8 {[%cal Re6e1]} 40. Qd8+ Ka7 41. Rh1 $2 (41. Qd4+ Qxd4 42. cxd4) 41... Rb6 42. b4 (42. Qd2 $142 Qxd2+ 43. Kxd2 Rxb2+ 44. Ke3) 42... Qxa2 {( -> ...Lg6)} 43. Rh8 Qa1+ {Schwarz setzt Matt.} 44. Kd2 Qb2+ 45. Kd3 Bg6+ 46. Kc4 Rc6+ 47. Kb5 Qe2+ {Precision: Weiß = 29%, Schwarz = 69%.} 0-1

[Event "2nd Irena Warakomska Memorial-A"]
[Site "Suwalki"]
[Date "2018.08.05"]
[Round "6"]
[White "Szostko, Jakub"]
[Black "Popiol, Michal"]
[Result "1-0"]
[WhiteElo "2299"]
[BlackElo "2126"]
[Annotator "NA"]
[PlyCount "111"]
[EventDate "2018.08.01"]
[EventType "swiss"]
[EventCountry "POL"]
[SourceTitle "playchess.com"]
[Source "ChessBase"]
[SourceQuality "1"]
[TimeControl "40/5400+30:1800+30"]

1. e4 {[%emt 0:00:00]} e6 {[%emt 0:00:46]} 2. d4 {[%emt 0:00:00]} d5 {[%emt 0:00:05]} 3. Nd2 {[%emt 0:00:00]} c5 {[%emt 0:00:13]} 4. exd5 {[%emt 0:00:13]} Qxd5 {[%emt 0:00:05]} 5. Ngf3 {[%emt 0:01:00]} cxd4 {[%emt 0:01:44]} 6. Bc4 {[%emt 0:00:29]} Qd6 {[%emt 0:00:23]} 7. O-O {[%emt 0:00:35]} Nf6 {[%emt 0:00:23]} 8. Nb3 {[%emt 0:00:20]} Nc6 {[%emt 0:00:11]} 9. Nbxd4 {[%emt 0:00:27]} Nxd4 {[%emt 0:00:05]} 10. Nxd4 {[%emt 0:00:14]} a6 {[%emt 0:00:05]} 11. Re1 {[%emt 0:01:06]} Qc7 {[%emt 0:00:17]} 12. Bf1 Bd6 {[%emt 0:17:25]} 13. Nf5 {[%emt 0:06:27]} Bxh2+ {[%emt 0:01:11]} 14. Kh1 {[%emt 0:00:07]} O-O {[%emt 0:00:03]} 15. Nxg7 {[%emt 0:13:12]} Rd8 {[%emt 0:08:06]} 16. Bd3 {[%emt 0:02:09]} Kxg7 {[%emt 0:02:35]} 17. Qd2 Bf4 {[%emt 0:17:43]} 18. Qxf4 {[%emt 0:00:59]} Qxf4 {[%emt 0:00:06]} 19. Bxf4 {[%emt 0:00:06]} Nd5 20. Bd2 {[%emt 0:03:39]} b5 {[%emt 0:00:15]} 21. Rad1 {[%emt 0:12:02]} Bb7 {[%emt 0:01:26]} 22. Re5 h6 23. Rh5 {[%emt 0:11:04]} Rh8 {[%emt 0:11:12]} 24. Re1 {[%emt 0:03:21]} Rae8 {[%emt 0:01:30]} 25. Rh4 f5 26. c4 {[%emt 0:10:57]} bxc4 {[%emt 0:06:35]} 27. Bxc4 {[%emt 0:07:04]} Kg6 {[%emt 0:07:56]} 28. Rh3 Rh7 {[%emt 0:05:49]} 29. Ra3 {[%emt 0:06:27]} Nc7 {[%emt 0:00:04]} 30. Bf4 {[%emt 0:03:38]} Bd5 {[%emt 0:00:12]} 31. Bxa6 {[%emt 0:01:31]} Nxa6 {[%emt 0:00:10]} 32. Rxa6 {[%emt 0:00:07]} h5 {[%emt 0:01:52]} 33. Be5 {[%emt 0:03:05]} h4 {[%emt 0:00:21]} 34. Kh2 Rc8 35. Bc3 {[%emt 0:04:04]} Kh5 {[%emt 0:05:35]} 36. Ra4 {[%emt 0:03:52]} Rg8 {[%emt 0:02:22]} 37. f3 {[%emt 0:01:02]} Kg6 {[%emt 0:04:13]} 38. Kh3 {[%emt 0:01:57]} Rc8 {[%emt 0:02:35]} 39. a3 Bc4 {[%emt 0:04:46]} 40. Rb4 {[%emt 0:00:00]} Rh5 {[%emt 0:00:00]} 41. Rb7 {[%emt 0:08:39]} Rg8 {[%emt 0:03:30]} 42. Be5 f4 {[%emt 0:06:42]} 43. Bxf4 {[%emt 0:06:03]} Kf6 {[%emt 0:00:05]} 44. Rb4 {[%emt 0:02:25]} Bd3 45. Rb8 {[%emt 0:03:54]} Rg6 {[%emt 0:04:36]} 46. Bd2 Rd5 {[%emt 0:08:41]} 47. Bc3+ {[%emt 0:05:46]} Kg5 48. Rf8 {[%emt 0:02:21]} Bf5+ {[%emt 0:01:53]} 49. Kh2 Rd7 {[%emt 0:08:29]} 50. Re2 {[%emt 0:01:49]} Rh7 {[%emt 0:01:25]} 51. Rd2 Kf4 52. Re2 {[%emt 0:03:26]} Kg5 {[%emt 0:00:35]} 53. Be5 {[%emt 0:01:41]} Kh5 {[%emt 0:00:57]} 54. Rd2 {[%emt 0:00:42]} Bb1 {[%emt 0:01:14]} 55. Rd4 {[%emt 0:01:09]} Bf5 {[%emt 0:00:13]} 56. Bf6 {[%emt 0:00:43]} 1-0